Statistics for Arctic Monkeys - The Car (Lyrics)

Click here to take the quiz!

General Stats

  • This quiz has been taken 8 times
  • The average score is 90 of 119

Answer Stats

Answer% Correct
a
100%
car
100%
fetch
100%
from
100%
I
100%
some
100%
something
100%
the
100%
You
100%
you
100%
Your
100%
ain't
86%
And
86%
and
86%
But
86%
ain't
86%
go
86%
grandfather's
86%
guitar
86%
holiday
86%
it
86%
on
86%
to
86%
until
86%
all
71%
asleep
71%
back
71%
bugs
71%
"Climb
71%
fall
71%
for
71%
In
71%
"Jump
71%
make
71%
No,
71%
pretend
71%
say,
71%
that"
71%
They
71%
this"
71%
up
71%
way
71%
what's
71%
wish
71%
about
57%
adjust
57%
along
57%
amigos
57%
at
57%
been
57%
boat
57%
can
57%
champagne
57%
English
57%
force
57%
funny
57%
have
57%
how
57%
kiosk
57%
lady
57%
look
57%
lunch
57%
must
57%
off
57%
size
57%
sleepy
57%
sweeping
57%
there
57%
Thinking
57%
Travel
57%
Trying
57%
we're
57%
With
57%
with
57%
apartment,
43%
arrive
43%
café
43%
called
43%
cork
43%
dusty
43%
eleven
43%
her
43%
pops
43%

Score Distribution

Percentile by Number Answered

Percent of People with Each Score

Your Score History

You have not taken this quiz